000
003250000a22001450004500
003
MACL
005
20160113132901.0
008
160113b xxu||||| |||| 00| 0 eng d
040
_a
MACL
_c
MACL
041
_a
English
082
_a
954
245
_a
Parmar Inscription
650
_a
Indian History
_9
227
942
_c
BK
_k
954
_2
ddc
999
_c
35639
_d
35639